| 000 | 00557cam a22002174a 4500 | ||
|---|---|---|---|
| 005 | 20250605164318.0 | ||
| 008 | 250528s ||||||||||||||||||||||||d | ||
| 035 | _a22774 | ||
| 020 | _a9780134574820 | ||
| 040 |
_aGR-AtMCL _bgre _dGR-AtMCL _eAACR2 |
||
| 245 | 1 | _aINDUSTRIAL MARKETING / ANALYSIS, PLANNING AND CONTROL | |
| 250 | _a2 | ||
| 260 |
_bPrentice Hall, _c1991 |
||
| 300 | _a670 | ||
| 700 | 1 |
_aBrierty Edward G _92027 |
|
| 700 | 1 |
_aReede Betty H _92028 |
|
| 700 | 1 |
_aReeder Robert R _92029 |
|
| 942 | _cBK | ||
| 999 |
_c7819 _d7819 |
||